Famille et pouvoir dans le monde franc (VIIe-Xe siecle) : essai d'anthropologie sociale

Αποθηκεύτηκε σε:
Λεπτομέρειες βιβλιογραφικής εγγραφής
Κύριος συγγραφέας: Le Jan, Regine
Μορφή: Βιβλίο
Γλώσσα:French
Δημοσίευση: Paris : Publications de la Sorbonne, 1995
Σειρά:Publications de la Sorbonne. Histoire ancienne et medievale ; ; 33
Θέματα:
Ετικέτες: Προσθήκη ετικέτας
Δεν υπάρχουν, Καταχωρήστε ετικέτα πρώτοι!

MARC

LEADER 00000nam a2200000 i 4500
001 1/26353
008 981217s1995 fre d
020 |a 2-85-944268-5 
035 |l 10037559 
040 |a GR-MY-UA  |b gre  |e aacr 
041 0 |a fre 
082 0 |a 306.850944 
100 1 |a Le Jan, Regine. 
245 1 0 |a Famille et pouvoir dans le monde franc (VIIe-Xe siecle) :  |b essai d'anthropologie sociale /  |c Regine le Jan 
260 |a Paris :   |b Publications de la Sorbonne,   |c 1995 
300 |a 571 p.;  |b ill.;  |c 24 cm. 
490 1 |a Publications de la Sorbonne. Histoire ancienne et medievale  |v ; 33 
504 |a Includes bibliographical references and indexes 
650 0 0 |a Carolingians. 
650 0 0 |a Franks  |z France  |x History. 
650 0 0 |a Aristocracy (Social class)  |z France. 
650 0 0 |a Family  |z France  |x History. 
651 0 |a France  |x Politics and government  |y To 987. 
830 0 |a Publications de la Sorbonne. Histoire ancienne et medievale ;  |v ; 33 
852 |a INST  |b LESVOS  |e 19981217  |h 306.850944 LEJ  |p 005100024052  |q 005100024052  |t BK  |y 0 
901 |a BIBL1-2000-2 
909 |a Λ  |b 060794 
922 |a 1ΕΛΗ  |b 199811  |c ΚΠΣ/ΤΚΑ  |d ΠΑΠΑΣΩΤΗΡΙΟΥ 
950 |a 117-1998-07-08 
970 |z 2000/04/ΜΠΡΑΤΤΗΣ